| 000 | 00816nam a22001817a 4500 | ||
|---|---|---|---|
| 999 |
_c371800 _d371800 |
||
| 008 | 201127b ||||| |||| 00| 0 eng d | ||
| 040 |
_aDE-2950 _bger _cDE-2950 _erda |
||
| 041 | _ager | ||
| 245 |
_aExpertin schließt "Durchspülung " aus. _bUmwelt. Im Zusammenhang mit den Giftstoffen in der Oder gibt es die Vermutung, dass in Polen Rückhaltebecken geöffnet wurden und deshalb der Pegel anstieg. Tatsächlich hat der höhere Wasserstand aber natürlich Gründe/ _cStefan Lötsch |
||
| 264 | _c2022 | ||
| 653 | _aFrankfurt (Oder) | ||
| 653 | _aFischsterben | ||
| 773 |
_dFrankfurt (Oder) Märkisches Verlags- und Druckhaus GmbH & Co KG _tMärkische Oderzeitung _g33. Jahrgang (2022) Nr. 190 vom 16.08.2022, S. 17, Foto |
||
| 942 | _cA | ||